Statistics for Cedar Fair Parks by Coaster 2018

Click here to take the quiz!

General Stats

  • This quiz has been taken 46 times
  • The average score is 10 of 11

Answer Stats

RidePark% Correct
Fury 325Carowinds
100%
Steel VengeanceCedar Point
100%
LeviathanCanada's Wonderland
97%
Mystic TimbersKings Island
97%
Intimidator 305Kings Dominion
94%
Steel ForceDorney Park
89%
HangtimeKnott's Berry Farm
86%
RailblazerCalifornia's Great America
83%
ThunderhawkMichigan's Adventure
83%
ProwlerWorlds of Fun
83%
Wild ThingValleyfair
80%

Score Distribution

Percentile by Number Answered

Percent of People with Each Score

Your Score History

You have not taken this quiz